000 00646cam a2200217 4500500
005 20260405002805.0
041 _afre
042 _adc
100 1 0 _aLacroix, Samuel
_eauthor
245 0 0 _aLa Stricte Observance. Avec Rancé à la Trappe
260 _c2018.
500 _a29
690 _aAbbé de Rancé
690 _aChateaubriand
690 _aMélancolie
690 _aMichel Onfray
690 _aMonastère
690 _aMort
786 0 _nPhilosophie magazine | 123 | 10 | 2018-10-01 | p. 51-51 | 1951-1787
856 4 1 _uhttps://shs.cairn.info/magazine-philosophie-magazine-2018-10-page-51?lang=fr&redirect-ssocas=7080
999 _c2061173
_d2061173